Využitie ukazovateľov výkonnosti marketingových a obchodných činností v podniku diplomová práca

Saved in:
Bibliographic Details
Main Author: Lehotkai, Gabriel
Corporate Author: Obchodná fakulta EU. Katedra marketingu
Other Authors: Oreský, Milan, 1956-
Format: Book
Language:Slovak
Published: Bratislava 2017
Tags: Add Tag
No Tags, Be the first to tag this record!

MARC

LEADER 00000nbm a2200000 4500
001 0230821
005 20170929130844.1
041 0 |a slo 
044 |a SK 
245 1 0 |a Využitie ukazovateľov výkonnosti marketingových a obchodných činností v podniku  |b diplomová práca  |c Gabriel Lehotkai ; školiteľ: Milan Oreský 
264 1 |a Bratislava  |c 2017 
300 |a 72 s. 
100 1 |a Lehotkai, Gabriel 
700 1 |a Oreský, Milan, 1956- 
710 2 |a Obchodná fakulta EU. Katedra marketingu